Daňová optimalizácia v kontexte prikázania Nepokradneš
Saved in:
| Main Author: | |
|---|---|
| Format: | Book Chapter |
| Language: | Slovak |
| Subjects: | |
| Tags: |
No Tags, Be the first to tag this record!
|
MARC
| LEADER | 00000naa a2200000 4500 | ||
|---|---|---|---|
| 001 | 0197201 | ||
| 005 | 20240502083501.7 | ||
| 041 | 0 | |a slo | |
| 044 | |a CZ | ||
| 245 | 1 | 0 | |a Daňová optimalizácia v kontexte prikázania Nepokradneš |c Andrej Miklošík |
| 610 | 2 | 0 | |a firmy |
| 610 | 2 | 0 | |a dane z príjmov |
| 610 | 2 | 0 | |a optimalizácia daňová |
| 610 | 2 | 0 | |a etika |
| 610 | 2 | 0 | |a morálka |
| 610 | 2 | 0 | |a náboženstvo |
| 610 | 2 | 0 | |a kresťania |
| 100 | 1 | |a Miklošík, Andrej | |